1594 1145 1591 1120 1032 1864 1292 1313 1793 1215 1166 1663 1777 1823 1638 1263 1891 1824 1783 1188 1457 1497 1096 1477 1289 1247 1202 1641 1018 1713 1413 1890 1385 1785 1656 1984 1025 1863 1292 1012 1031 1036 1169 1214 1142 1845 1904 1859 1447 1457 1618 1217 1923 1766 1419 1797 1038 1686 1511 1395 1827 1208 1975 1019 1711 1524 1918 1973 1821 1055 1518 1692 1684 1764 1278 1848 1399 1836 1123 1795 1332 1163 1059 1090 1874 1121 1997 1948 1190 1876 1871 1574 1780 1644 1264 1737 1757 1847 1035 BCNSPRNW ULIB Ver.6.0+V

เปลี่ยนเป็นภาษาไทย

Change to English
 แสดงรายละเอียดบรรณานุกรม
  กลับหน้าหลัก

Brief Record : Get Marc (ISO 2709) : E-mail record : QR code < ปิดหน้าต่าง
LEADER : 00000nam 2200000uu 4500
001    13399114735
003     ULIB
008    110211s2547||||th 000 0 tha d
020    9749155459
041 0  tha
060 04 WY157^bต364
100 0  ตติรัตน์ สุวรรณสุจริต.
245 10 การพยาบาลมารดาที่ได้รับการผ่าตัดคลอด/^cตติรัตน์ สุวรรณสุจริต.
250    พิมพ์ครั้งที่ 2
260    ชลบุรี :^bภาควิชาการพยาบาลแม่และเด็ก คณะพยาบาลศาสตร์ มหาวิทยาลัยบูรพา,^c2547
300    146 หน้า :^bภาพประกอบ
650  7 การคลอด
650  7 การผ่าท้องคลอด
650  7 การพยาบาลสูติศาสตร์
710 2  มหาวิทยาลัยบูรพา.^bคณะพยาบาลศาสตร์.^bภาควิชาการพยาบาลแม่และเด็ก.
945    ^p0^l0^i018314
995    ทศพร
999 ^a ใช้งานได้ทุกระบบ
รายการนี้ยังไม่มีแท็ก
คุณยังไม่ได้ล็อกอิน คุณสามารถมีกิจกรรมร่วมกับเว็บไซต์ได้ แต่ต้องล็อกอินก่อน ::
  ล็อกอิน

รายการสื่อสารสนเทศ

ลำดับที่ ประเภท เลขเรียก/บาร์โค้ด สถานที่ สถานะ
- ไม่พบข้อมูล -

รายการใกล้เคียง
    ผู้แต่ง [ตติรัตน์ สุวรรณสุจริต.]

    หัวเรื่อง [การคลอด]
    หัวเรื่อง [การผ่าท้องคลอด]
    หัวเรื่อง [การพยาบาลสูติศาสตร์]

BibComment


ยังไม่เคยถูกคอมเมนท์

คอมเมนท์ทรัพยากรรายการนี้
  คอมเมนท์: การพยาบาลมารดาที่..


 Copyright 2026. Bcnsprnw @Library